[Event "II Festival Francophone des Echecs"]
[Site "Arvier ITA"]
[Date "2010.07.07"]
[Round "6"]
[White "Fossati, Remigio"]
[Black "Scalcione, Michelangelo"]
[Result "1-0"]
[WhiteElo "2233"]
[BlackElo "2352"]
[PlyCount "89"]
[EventDate "2010.07.03"]

1. d4 d6 2. g3 Nd7 3. Bg2 e5 4. c4 Ngf6 5. Nc3 Be7 6. Nf3 O-O 7. O-O Re8 8. e4
Bf8 9. h3 c6 10. Be3 a6 11. d5 c5 12. a4 b6 13. Ne1 Kh8 14. Nd3 Ng8 15. Qd2 g6
16. f4 exf4 17. gxf4 f5 18. e5 dxe5 19. fxe5 Nxe5 20. Nxe5 Rxe5 21. Bf4 Re8 22.
d6 Ra7 23. Rad1 Bg7 24. Nd5 Bd4+ 25. Kh1 Rg7 26. Nc7 Re4 27. Bxe4 fxe4 28. Qh2
e3 29. Rxd4 cxd4 30. Be5 Bb7+ 31. Nd5 Qh4 32. Rf7 Bxd5+ 33. cxd5 Qe4+ 34. Kg1
Qb1+ 35. Kg2 Qe4+ 36. Kf1 Nf6 37. Rxf6 Qb1+ 38. Kg2 Qe4+ 39. Kg1 h6 40. Rf8+
Kh7 41. Qf4 Qb1+ 42. Kh2 Qxb2+ 43. Kg3 g5 44. Rh8+ Kg6 45. Qf6+ 1-0

[Event "II Festival Francophone des Echecs"]
[Site "Arvier ITA"]
[Date "2010.07.07"]
[Round "6"]
[White "Labarthe, Arnaud"]
[Black "Anfuso, Luigi"]
[Result "1-0"]
[WhiteElo "1883"]
[BlackElo "1790"]
[PlyCount "69"]
[EventDate "2010.07.03"]

1. e4 c6 2. Nc3 d5 3. Qf3 d4 4. Bc4 e6 5. Nce2 Nf6 6. d3 Nbd7 7. Bf4 Nb6 8. Bb3
a5 9. c3 dxc3 10. bxc3 Be7 11. Ng3 O-O 12. N1e2 Re8 13. O-O Bf8 14. Bg5 Be7 15.
e5 Nfd5 16. Bxe7 Qxe7 17. c4 Nb4 18. a3 Na6 19. d4 c5 20. Ne4 Rd8 21. Rad1 Nd7
22. Qg3 Nf8 23. dxc5 Rxd1 24. Rxd1 Bd7 25. Nf4 Ng6 26. Nxg6 hxg6 27. Bc2 Bc6
28. Ng5 f6 29. exf6 Qxf6 30. Qh4 Nc7 31. Qh7+ Kf8 32. h4 Ke7 33. Bxg6 Rf8 34.
f3 e5 35. Rd6 1-0

[Event "II Festival Francophone des Echecs"]
[Site "Arvier ITA"]
[Date "2010.07.07"]
[Round "6"]
[White "Manni, Stefano"]
[Black "Efimov, Igor"]
[Result "0-1"]
[WhiteElo "1993"]
[BlackElo "2444"]
[PlyCount "38"]
[EventDate "2010.07.03"]

1. e4 c5 2. Nf3 b6 3. b3 Bb7 4. e5 g6 5. Bb2 Bg7 6. c3 Nh6 7. d4 O-O 8. Be2 d6
9. exd6 Qxd6 10. dxc5 Qxc5 11. O-O Nc6 12. Qc1 Rfd8 13. c4 Bxb2 14. Qxb2 Nf5
15. Nc3 Ncd4 16. Nxd4 Nxd4 17. Rfd1 Rd6 18. Bf1 Rad8 19. Kh1 Qh5 0-1

[Event "II Festival Francophone des Echecs"]
[Site "Arvier ITA"]
[Date "2010.07.07"]
[Round "6"]
[White "Pierantoni, Mauro"]
[Black "Mongelli, Francesco Saverio"]
[Result "0-1"]
[WhiteElo "1736"]
[BlackElo "1329"]
[PlyCount "78"]
[EventDate "2010.07.03"]

1. b4 e6 2. Bb2 Nf6 3. b5 a6 4. a4 axb5 5. axb5 Rxa1 6. Bxa1 d5 7. e3 Bd7 8.
Nf3 c6 9. Nc3 c5 10. Qb1 Bd6 11. h3 e5 12. Qa2 Be6 13. Qa7 b6 14. Na4 Nbd7 15.
d4 cxd4 16. exd4 e4 17. Ng5 Bf5 18. c4 Bb4+ 19. Kd1 h6 20. Nxf7 Kxf7 21. c5 Qb8
22. cxb6 Qxa7 23. bxa7 Ra8 24. b6 Ba5 25. b7 Rxa7 26. Ba6 Rxa6 27. Nc5 Rb6 28.
Ke2 Nxc5 29. dxc5 Rxb7 30. Be5 Rb5 31. Rc1 Nd7 32. Bd4 Rb4 33. Be3 Rb2+ 34. Kf1
Bd2 35. Bxd2 Rxd2 36. c6 Ne5 37. c7 Nd3 38. c8=Q Rxf2+ 39. Kg1 e3 0-1

[Event "II Festival Francophone des Echecs"]
[Site "Arvier ITA"]
[Date "2010.07.07"]
[Round "6"]
[White "Suba, Mihai"]
[Black "Petkov, Vladimir"]
[Result "1/2-1/2"]
[WhiteElo "2454"]
[BlackElo "2496"]
[PlyCount "24"]
[EventDate "2010.07.03"]

1. Nf3 Nf6 2. c4 e6 3. g3 d5 4. Bg2 Be7 5. d4 O-O 6. O-O dxc4 7. Qa4 a6 8. Qxc4
b5 9. Qc2 Bb7 10. Bd2 Nbd7 11. Ba5 Bd6 12. Re1 e5 1/2-1/2

[Event "II Festival Francophone des Echecs"]
[Site "Arvier ITA"]
[Date "2010.07.08"]
[Round "7"]
[White "Anfuso, Luigi"]
[Black "Bosticardo, Tommaso"]
[Result "0-1"]
[WhiteElo "1790"]
[BlackElo "1553"]
[PlyCount "62"]
[EventDate "2010.07.03"]

1. d4 d5 2. c4 e6 3. Nc3 Nf6 4. Bg5 Be7 5. e3 O-O 6. Nf3 h6 7. Bh4 b6 8. cxd5
exd5 9. Bd3 Bb7 10. Bg3 Nbd7 11. h3 Rc8 12. O-O c5 13. dxc5 bxc5 14. Rc1 Qb6
15. Na4 Qb4 16. a3 Qa5 17. Bb1 Rfd8 18. Ne5 Nxe5 19. Bxe5 Ne4 20. Nc3 Bf6 21.
Bf4 Nxc3 22. bxc3 Ba6 23. Re1 Bxc3 24. Qc2 Bxe1 25. Qh7+ Kf8 26. Qh8+ Ke7 27.
Qxg7 Bxf2+ 28. Kh2 Qb6 29. Bf5 Qf6 30. Qxf6+ Kxf6 31. Bxc8 Rxc8 0-1

[Event "II Festival Francophone des Echecs"]
[Site "Arvier ITA"]
[Date "2010.07.08"]
[Round "7"]
[White "Arnaudov, G. Petar"]
[Black "Suba, Mihai"]
[Result "0-1"]
[WhiteElo "2423"]
[BlackElo "2454"]
[PlyCount "132"]
[EventDate "2010.07.03"]

1. d4 Nf6 2. c4 e6 3. Nf3 b6 4. g3 Ba6 5. Qc2 Bb7 6. Bg2 c5 7. d5 exd5 8. cxd5
Nxd5 9. O-O Nc7 10. Rd1 Be7 11. Nc3 a6 12. Qf5 O-O 13. Bf4 Ne6 14. Bd6 Ra7 15.
Bxe7 Qxe7 16. Qe5 Bxf3 17. Bxf3 Nc6 18. Qd5 Ned4 19. Be4 Nb4 20. Qh5 g6 21. Qh6
Nxe2+ 22. Nxe2 Qxe4 23. Nc3 Qe5 24. Re1 Qg7 25. Qd2 d5 26. a3 d4 27. axb4 dxc3
28. bxc3 cxb4 29. cxb4 Qf6 30. Red1 Re8 31. Ra3 Qc6 32. Re3 Raa8 33. Rd3 a5 34.
bxa5 bxa5 35. h4 h5 36. Rd6 Qf3 37. Qa2 Qf5 38. R6d5 Qe6 39. Qa4 Qe4 40. R5d4
Qe5 41. Rd7 Re6 42. R7d5 Qc3 43. Rd8+ Rxd8 44. Rxd8+ Kg7 45. Kg2 Rf6 46. Qe4
Qb2 47. Qe3 a4 48. Qc5 Kh7 49. Rd3 Qb7+ 50. Kh2 Qb6 51. Qxb6 Rxb6 52. Rd7 Ra6
53. Rxf7+ Kg8 54. Rc7 a3 55. Rc1 Kf7 56. Kg2 Ke6 57. Kf3 a2 58. Ra1 Kf5 59. Ke3
Ra3+ 60. Kd4 Kg4 61. Ke4 Ra5 62. Ke3 Ra4 63. Ke2 Ra3 64. Kf1 Kf3 65. Ke1 Ra6
66. Kf1 Rd6 0-1

[Event "II Festival Francophone des Echecs"]
[Site "Arvier ITA"]
[Date "2010.07.08"]
[Round "7"]
[White "Cavatorta, Fosco"]
[Black "Biancotti, Alessandro"]
[Result "0-1"]
[WhiteElo "1965"]
[BlackElo "1895"]
[PlyCount "108"]
[EventDate "2010.07.03"]

1. d4 Nf6 2. Nf3 g6 3. Nc3 d5 4. Bf4 Bg7 5. e3 O-O 6. Be2 c6 7. Ne5 Nbd7 8. h4
h5 9. f3 Nxe5 10. Bxe5 Nd7 11. Bxg7 Kxg7 12. Qd2 Nf6 13. O-O-O Bf5 14. Rde1 b5
15. e4 dxe4 16. fxe4 Be6 17. e5 Ng4 18. Bf3 Qd7 19. b3 a5 20. a4 Rad8 21. Rd1
bxa4 22. Nxa4 Bd5 23. Nb6 Qf5 24. Bxd5 cxd5 25. Rhf1 Qe6 26. Qxa5 Ne3 27. Na4
Qc6 28. Nc5 Ra8 29. Qc3 Nxd1 30. Kxd1 Qb5 31. Rf2 Qa5 32. Kd2 e6 33. b4 Qb5 34.
Qb3 Ra7 35. c3 Rfa8 36. Ke3 Ra3 37. Qb2 Qc4 38. Rc2 Ra2 39. Qb1 Rxc2 40. Qxc2
Ra2 41. Qd3 Qxd3+ 42. Nxd3 Rxg2 43. b5 Ra2 44. b6 Ra8 45. b7 Rb8 46. Nc5 Kh7
47. c4 dxc4 48. d5 exd5 49. Kd4 Kg7 50. Kxd5 c3 51. Kc6 c2 52. Nb3 g5 53. hxg5
h4 54. Kc7 Rxb7+ 0-1

[Event "II Festival Francophone des Echecs"]
[Site "Arvier ITA"]
[Date "2010.07.08"]
[Round "7"]
[White "Dritsakos, Alessio"]
[Black "Cattaneo, Roger"]
[Result "1/2-1/2"]
[WhiteElo "1930"]
[BlackElo "1581"]
[PlyCount "30"]
[EventDate "2010.07.03"]

1. e4 c5 2. Nc3 Nc6 3. g3 d6 4. Bg2 g6 5. d3 Bg7 6. Be3 Nf6 7. Nge2 e5 8. h3
Nd4 9. O-O O-O 10. g4 Be6 11. Ng3 Nd7 12. Qd2 Rb8 13. f4 f6 14. f5 Bf7 15. g5
Qe8 1/2-1/2

[Event "II Festival Francophone des Echecs"]
[Site "Arvier ITA"]
[Date "2010.07.08"]
[Round "7"]
[White "Efimov, Igor"]
[Black "Astengo, Marcello"]
[Result "1-0"]
[WhiteElo "2444"]
[BlackElo "2071"]
[PlyCount "63"]
[EventDate "2010.07.03"]

1. g3 Nf6 2. Bg2 d5 3. d3 c5 4. Nd2 Nc6 5. e4 e6 6. Ngf3 Be7 7. O-O O-O 8. Re1
b6 9. e5 Nd7 10. Nf1 Bb7 11. h4 Qc7 12. Bf4 Nd4 13. Nxd4 cxd4 14. Nh2 Rac8 15.
Rc1 b5 16. Qg4 Kh8 17. Nf3 Qa5 18. Nxd4 Bc5 19. Nb3 Qxa2 20. Nxc5 Nxc5 21. Be3
Qxb2 22. h5 h6 23. Bd4 Qb4 24. Qh4 Rc7 25. Rb1 Qd2 26. Bxc5 Rxc5 27. Qe7 Rfc8
28. Qxb7 Rxc2 29. Qxa7 Qxd3 30. Qe3 Qxe3 31. Rxe3 Ra8 32. Bf1 1-0

[Event "II Festival Francophone des Echecs"]
[Site "Arvier ITA"]
[Date "2010.07.08"]
[Round "7"]
[White "Frank, Albert"]
[Black "Coqueraut, Lodewyk"]
[Result "1-0"]
[WhiteElo "1925"]
[BlackElo "1789"]
[PlyCount "89"]
[EventDate "2010.07.03"]

1. b3 d5 2. e3 e5 3. Bb2 Bd6 4. c4 c6 5. cxd5 cxd5 6. Nc3 Nf6 7. Nb5 O-O 8. Qc1
Nc6 9. Nxd6 Qxd6 10. Bb5 Bd7 11. Bxc6 Qxc6 12. Qxc6 Bxc6 13. Bxe5 d4 14. Nf3
dxe3 15. fxe3 Nd5 16. O-O f6 17. Bb2 Rf7 18. Nd4 Bd7 19. Ba3 g6 20. Rac1 Rd8
21. Rc5 Bc8 22. Rfc1 Nb6 23. Bb4 Bf5 24. Nxf5 gxf5 25. Ba5 Kg7 26. Rxf5 Kg6 27.
Rb5 Rd6 28. Bxb6 axb6 29. d4 Re7 30. Rc3 h5 31. Rb4 f5 32. Kf2 Kg5 33. Rbc4 f4
34. exf4+ Kxf4 35. Rf3+ Kg5 36. Rg3+ Kh6 37. Re3 Rf7+ 38. Ke2 Rdf6 39. Kd3 Rg7
40. Rc2 h4 41. Rce2 Kg5 42. Re5+ Kg4 43. d5 Rd7 44. R2e3 Kf4 45. R3e4# 1-0

[Event "II Festival Francophone des Echecs"]
[Site "Arvier ITA"]
[Date "2010.07.08"]
[Round "7"]
[White "Guillaumat, Jean-Pierre"]
[Black "Aral, Simone"]
[Result "1-0"]
[WhiteElo "1959"]
[BlackElo "1449"]
[PlyCount "126"]
[EventDate "2010.07.03"]

1. d4 d5 2. b4 Bf5 3. e3 e6 4. a3 Nf6 5. Bb2 a5 6. b5 c6 7. c4 cxb5 8. cxb5 Bd6
9. Nd2 Nbd7 10. Ngf3 O-O 11. Be2 Qb6 12. O-O Rfc8 13. Rc1 Qa7 14. Qb3 Qb6 15.
h3 Qd8 16. a4 Nb6 17. Ne5 Bb4 18. Ndf3 h6 19. Rfd1 Rxc1 20. Rxc1 Rc8 21. Rxc8
Qxc8 22. Nd3 Qc4 23. Nc1 Qxb3 24. Nxb3 Nxa4 25. Ba1 Bc2 26. Nc5 Nxc5 27. dxc5
Bxc5 28. Nd4 Bxd4 29. Bxd4 Ne4 30. f3 Ng3 31. Kf2 Nxe2 32. Kxe2 Kf8 33. Kd2 Bb3
34. f4 g6 35. h4 Ke7 36. g4 f5 37. g5 h5 38. Kc3 Bc4 39. b6 Kd6 40. Kb2 Kc6 41.
Ka3 Kb5 42. Kb2 Ka4 43. Bc3 Bd3 44. Bd4 Kb4 45. Bc3+ Kc4 46. Bd4 Be2 47. Kc2 a4
48. Kb2 Kd3 49. Ka3 Bd1 50. Kb4 Ke4 51. Kc5 Kf3 52. Kd6 Be2 53. Kxe6 Kg3 54.
Kf6 Kxh4 55. Kxg6 Kg3 56. Kf7 h4 57. g6 h3 58. g7 h2 59. g8=Q+ Kh3 60. Qh7+ Kg2
61. Qg6+ Bg4 62. Qe6 h1=Q 63. Qxd5+ Kg3 1-0

[Event "II Festival Francophone des Echecs"]
[Site "Arvier ITA"]
[Date "2010.07.08"]
[Round "7"]
[White "Labarthe, Arnaud"]
[Black "De Leeuw, Johannes"]
[Result "1/2-1/2"]
[WhiteElo "1883"]
[BlackElo "1888"]
[PlyCount "62"]
[EventDate "2010.07.03"]

1. e4 e5 2. Nf3 Nc6 3. Nc3 d6 4. Bc4 Be7 5. O-O Nf6 6. d3 O-O 7. Bg5 Bg4 8. h3
Be6 9. Qe2 Bxc4 10. dxc4 Nd7 11. Bxe7 Nxe7 12. Rad1 Ng6 13. g3 b6 14. Nd5 a5
15. h4 Ne7 16. Ne3 f5 17. Ng5 Nc5 18. exf5 Nxf5 19. Nxf5 Rxf5 20. Qh5 h6 21.
Qg6 Rxg5 22. hxg5 Qxg5 23. Qxg5 hxg5 24. Kg2 Kf7 25. f3 Kg6 26. b3 Re8 27. Rde1
Rf8 28. Rf2 Re8 29. Ref1 Rf8 30. a3 Ra8 31. Kh3 Kf5 1/2-1/2

[Event "II Festival Francophone des Echecs"]
[Site "Arvier ITA"]
[Date "2010.07.08"]
[Round "7"]
[White "Mongelli, Francesco Saverio"]
[Black "Bernard, Nicolas"]
[Result "0-1"]
[WhiteElo "1329"]
[BlackElo "2084"]
[PlyCount "36"]
[EventDate "2010.07.03"]

1. e4 d6 2. d4 Nf6 3. Nc3 g6 4. Be3 c6 5. Be2 Bg7 6. h3 O-O 7. Qd2 b5 8. f3
Nbd7 9. Bh6 e5 10. Bxg7 Kxg7 11. d5 b4 12. Nb1 cxd5 13. exd5 Nc5 14. c4 Nh5 15.
h4 Ng3 16. Rh2 Qb6 17. h5 Nd3+ 18. Qxd3 Qxg1+ 0-1

[Event "II Festival Francophone des Echecs"]
[Site "Arvier ITA"]
[Date "2010.07.08"]
[Round "7"]
[White "Montani, Riccardo"]
[Black "Manni, Stefano"]
[Result "0-1"]
[WhiteElo "1870"]
[BlackElo "1993"]
[PlyCount "74"]
[EventDate "2010.07.03"]

1. e4 e5 2. Nf3 Nc6 3. Bb5 a6 4. Ba4 Nf6 5. O-O Be7 6. Re1 b5 7. Bb3 d6 8. c3
O-O 9. h3 Nd7 10. d4 Bf6 11. d5 Na5 12. Bc2 Nb6 13. a4 bxa4 14. Bxa4 Nxa4 15.
Qxa4 c6 16. c4 Rb8 17. Bd2 Nb3 18. Bb4 c5 19. Qxb3 Bd7 20. Rxa6 Rxb4 21. Qc3
Qb8 22. Re2 Bb5 23. Ra3 Rxc4 24. Qe1 Rb4 25. Rc2 Bd7 26. Ra2 Ba4 27. Re2 Bb3
28. Ra1 Bc4 29. Rc2 Bd3 30. Rc3 Bxe4 31. Rca3 Bxd5 32. Nc3 Bc6 33. Nd2 d5 34.
Ra5 Qd6 35. Qe3 d4 36. Nce4 dxe3 37. Nxd6 exd2 0-1

[Event "II Festival Francophone des Echecs"]
[Site "Arvier ITA"]
[Date "2010.07.08"]
[Round "7"]
[White "Mossong, Hubert"]
[Black "Brun, Dario"]
[Result "1/2-1/2"]
[WhiteElo "2170"]
[BlackElo "2264"]
[PlyCount "91"]
[EventDate "2010.07.03"]

1. e4 e5 2. Nf3 Nc6 3. Bb5 a6 4. Bxc6 dxc6 5. d3 f6 6. Be3 Be6 7. Nbd2 c5 8.
Nb3 b6 9. Qe2 Ne7 10. Nfd2 Nc6 11. c3 Qd7 12. Rd1 Rd8 13. Nc1 Be7 14. O-O O-O
15. h3 g5 16. g4 h5 17. f3 Kg7 18. Kg2 Rh8 19. Rh1 Bd6 20. Nf1 h4 21. Bg1 Qf7
22. b3 a5 23. Qb2 Ne7 24. Be3 a4 25. Kg1 axb3 26. axb3 Ra8 27. Rh2 Ra5 28. Rf2
Rha8 29. Nd2 Ra1 30. Rff1 Ng6 31. Rfe1 Qd7 32. Nc4 b5 33. Nd2 Qe8 34. Nf1 Qc6
35. Nd2 Qa6 36. Nb1 Qb7 37. Kh1 b4 38. c4 Nf4 39. Kh2 R8a5 40. Rd2 Qa8 41. Rf1
Bf7 42. Re1 Ne6 43. Kg2 Nd4 44. Rf1 Kh7 45. Kf2 Ne6 46. Kg2 1/2-1/2

[Event "II Festival Francophone des Echecs"]
[Site "Arvier ITA"]
[Date "2010.07.08"]
[Round "7"]
[White "Petkov, Vladimir"]
[Black "Fossati, Remigio"]
[Result "1-0"]
[WhiteElo "2496"]
[BlackElo "2233"]
[PlyCount "83"]
[EventDate "2010.07.03"]

1. Nf3 Nf6 2. c4 g6 3. Nc3 Bg7 4. e4 e5 5. Nxe5 Nxe4 6. Nxe4 Bxe5 7. d4 Bg7 8.
Bg5 f6 9. Be3 O-O 10. Nc3 f5 11. g3 d6 12. Bg2 c6 13. O-O Nd7 14. Qd2 Nf6 15.
Rfe1 Rf7 16. b4 Bd7 17. Rad1 Rc8 18. a4 Be8 19. Bg5 Rd7 20. d5 c5 21. bxc5 Rxc5
22. Qe2 Bf7 23. Nb5 Kf8 24. Be3 Rc8 25. Nxa7 Ra8 26. Rb1 Qa5 27. Nb5 Qxa4 28.
Bd4 Re8 29. Qb2 Rxe1+ 30. Rxe1 Ne8 31. Bxg7+ Nxg7 32. Qc3 Qa8 33. c5 dxc5 34.
Qxc5+ Kg8 35. d6 Qf8 36. Re7 b6 37. Qe5 Rxe7 38. dxe7 Qc8 39. Nc7 Ne8 40. Nxe8
Qxe8 41. Qd6 Qa4 42. Bc6 1-0

[Event "II Festival Francophone des Echecs"]
[Site "Arvier ITA"]
[Date "2010.07.08"]
[Round "7"]
[White "Xia, Jie"]
[Black "Barletta, Mauro"]
[Result "1-0"]
[WhiteElo "2201"]
[BlackElo "2212"]
[PlyCount "117"]
[EventDate "2010.07.03"]

1. e4 d5 2. exd5 Nf6 3. Bb5+ Nbd7 4. Nc3 a6 5. Be2 Nb6 6. d4 Nbxd5 7. Nxd5 Nxd5
8. Nf3 Bg4 9. O-O e6 10. c4 Nf6 11. Qa4+ Nd7 12. h3 Bh5 13. Rd1 c6 14. Be3 Be7
15. d5 b5 16. Qc2 Bg6 17. Qd2 exd5 18. cxd5 c5 19. a4 b4 20. d6 Bf6 21. Rac1
Qa5 22. Bxc5 Nxc5 23. Qd5 O-O 24. Rxc5 Qxa4 25. b3 Qa3 26. Bd3 Bxd3 27. Qxd3
Bc3 28. Ng5 g6 29. Qd5 Rae8 30. d7 Rd8 31. Ne4 Bg7 32. Ra5 Qb2 33. Nc5 Bf6 34.
Rxa6 Be7 35. Rc6 Bxc5 36. Rxc5 Qe2 37. Rc7 Qe6 38. Rb7 Qxd5 39. Rxd5 f5 40.
Rxb4 Kf7 41. Rbd4 Ke7 42. Re5+ Kf6 43. f4 Rf7 44. Red5 Re7 45. Kf2 Kf7 46. g4
fxg4 47. hxg4 Re6 48. Kf3 Rb6 49. b4 Ke7 50. Ke4 Rb7 51. g5 Rb6 52. Kd3 Rb7 53.
b5 Rc7 54. Ke4 Rc1 55. Re5+ Kf7 56. Rd6 Rc4+ 57. Ke3 Rc7 58. Rf6+ Kg7 59. Re7+
1-0

[Event "II Festival Francophone des Echecs"]
[Site "Arvier ITA"]
[Date "2010.07.08"]
[Round "7"]
[White "Yeuillaz, Corrado"]
[Black "Chiarotto, Filippo"]
[Result "1/2-1/2"]
[WhiteElo "2199"]
[BlackElo "2097"]
[PlyCount "90"]
[EventDate "2010.07.03"]

1. e4 c5 2. Nf3 a6 3. c4 d6 4. d4 cxd4 5. Nxd4 Nf6 6. Nc3 e5 7. Nb3 Be7 8. Be2
Be6 9. Be3 Nbd7 10. O-O Rc8 11. Nd2 O-O 12. h3 Re8 13. Rc1 Qc7 14. Re1 h6 15.
b3 Qb8 16. Bf1 Bf8 17. Qe2 g6 18. g3 Kh7 19. Bg2 Bg7 20. Nf1 Nh5 21. Red1 Nhf6
22. Bd2 Qc7 23. Ne3 Qb8 24. Be1 Bf8 25. a4 Nc5 26. Rb1 Bd7 27. Ned5 Nxd5 28.
Nxd5 Bg7 29. Bb4 Be6 30. Nb6 Rcd8 31. Qe3 Qc7 32. Ba5 Qb8 33. b4 Nd7 34. Qd3
Nxb6 35. Bxb6 Rd7 36. a5 Rc8 37. Rbc1 Bf6 38. h4 Kg7 39. Kh2 Bd8 40. Bxd8 Rdxd8
41. Bh3 Bxh3 42. Kxh3 Qc7 43. Kg2 Qc6 44. Qd5 Qxd5 45. Rxd5 Kf6 1/2-1/2

[Event "II Festival Francophone des Echecs"]
[Site "Arvier ITA"]
[Date "2010.07.08"]
[Round "8"]
[White "Anfuso, Luigi"]
[Black "Cavatorta, Fosco"]
[Result "0-1"]
[WhiteElo "1790"]
[BlackElo "1965"]
[PlyCount "46"]
[EventDate "2010.07.03"]

1. d4 d6 2. Nf3 Nf6 3. c4 g6 4. Nc3 Bf5 5. h3 Bg7 6. Nh4 Bc8 7. Nf3 Nbd7 8. e4
e5 9. d5 O-O 10. Be2 a5 11. Bg5 h6 12. Be3 b6 13. O-O Nc5 14. Qc2 Nh5 15. Ne1
Nf4 16. Bf3 f5 17. g3 Nxh3+ 18. Kh2 f4 19. Bxc5 fxg3+ 20. fxg3 dxc5 21. Bg2
Rxf1 22. Bxf1 Ng5 23. Be2 Qd7 0-1

[Event "II Festival Francophone des Echecs"]
[Site "Arvier ITA"]
[Date "2010.07.08"]
[Round "8"]
[White "Astengo, Marcello"]
[Black "Xia, Jie"]
[Result "1-0"]
[WhiteElo "2071"]
[BlackElo "2201"]
[PlyCount "119"]
[EventDate "2010.07.03"]

1. d4 Nf6 2. c4 c5 3. d5 b5 4. cxb5 a6 5. f3 d6 6. e4 g6 7. Na3 Bg7 8. Ne2 O-O
9. Nc3 Nfd7 10. Be2 Nb6 11. O-O axb5 12. Naxb5 Na6 13. Be3 Bd7 14. Qd2 Re8 15.
Rfc1 Qb8 16. Rab1 Rc8 17. Bg5 Qb7 18. Na3 f6 19. Be3 Nb4 20. Ra1 Na4 21. Nc4
Rcb8 22. a3 Na6 23. Rab1 Nxc3 24. Qxc3 Nc7 25. b4 f5 26. Qc2 Qa7 27. Na5 f4 28.
Bf2 Nb5 29. Bxb5 Rxb5 30. Nc6 Qxa3 31. bxc5 Rxb1 32. Rxb1 Kf7 33. h3 Rc8 34.
cxd6 Qxd6 35. Rc1 Bxc6 36. dxc6 Be5 37. Qc4+ Qe6 38. Qa6 Bb2 39. Rc2 Be5 40.
Kh2 g5 41. Qb7 Rc7 42. Qb5 Rc8 43. Bb6 g4 44. hxg4 Ra8 45. Rc1 Qh6+ 46. Kg1 Qf6
47. Qd5+ Kg7 48. Bf2 Rc8 49. Bh4 Bd4+ 50. Kf1 Qd6 51. Qxd6 exd6 52. c7 Kf7 53.
Bg5 Be3 54. Rc4 Ke6 55. g3 Bb6 56. Bd8 fxg3 57. Kg2 Bc5 58. Kxg3 Ra8 59. Rc2
Kd7 60. Rh2 1-0

[Event "II Festival Francophone des Echecs"]
[Site "Arvier ITA"]
[Date "2010.07.08"]
[Round "8"]
[White "Barletta, Mauro"]
[Black "De Leeuw, Johannes"]
[Result "1-0"]
[WhiteElo "2212"]
[BlackElo "1888"]
[PlyCount "115"]
[EventDate "2010.07.03"]

1. e4 e5 2. Nf3 Nc6 3. Bc4 Be7 4. d4 d6 5. h3 Nf6 6. Nc3 O-O 7. Be3 a6 8. d5
Nb8 9. g4 Nbd7 10. Bd3 Ne8 11. Ne2 g6 12. Bh6 Ng7 13. Ng3 Nc5 14. Rg1 a5 15.
Qd2 f6 16. Bc4 Rf7 17. a4 b6 18. b3 Ba6 19. Bxa6 Rxa6 20. Qe2 Ra8 21. Be3 Qc8
22. h4 Qa6 23. Qxa6 Nxa6 24. h5 Nc5 25. Ke2 g5 26. h6 Ne8 27. Nd2 Nd7 28. c3
Nf8 29. Rgb1 Ng6 30. Nf5 Bf8 31. b4 Rd7 32. Nc4 axb4 33. cxb4 Ne7 34. Nxe7+
Rxe7 35. Rh1 Kf7 36. Bd2 Kg6 37. Ne3 Rd7 38. Nf5 Rdd8 39. Kd3 Ra6 40. a5 bxa5
41. bxa5 Rb8 42. Rhb1 Rba8 43. Rc1 Bxh6 44. Rh1 Bf8 45. Rh5 c5 46. dxc6 Rxc6
47. Rb1 Rac8 48. Rhh1 Nc7 49. Rb7 Rd8 50. Rh6+ Bxh6 51. Ne7+ Kf7 52. Nxc6 Rd7
53. a6 Ke6 54. a7 Na8 55. Rb8 d5 56. Rxa8 dxe4+ 57. Kxe4 Rxd2 58. Re8+ 1-0

[Event "II Festival Francophone des Echecs"]
[Site "Arvier ITA"]
[Date "2010.07.08"]
[Round "8"]
[White "Bernard, Nicolas"]
[Black "Biancotti, Alessandro"]
[Result "1-0"]
[WhiteElo "2084"]
[BlackElo "1895"]
[PlyCount "41"]
[EventDate "2010.07.03"]

1. d4 Nf6 2. Nf3 g6 3. c4 Bg7 4. Nc3 d5 5. e3 O-O 6. Qb3 e6 7. Bd3 b6 8. O-O
Bb7 9. cxd5 exd5 10. Ne5 Nbd7 11. f4 c6 12. Bd2 Nxe5 13. fxe5 Nd7 14. Rf3 Qe7
15. Raf1 f6 16. e4 Qf7 17. exf6 dxe4 18. Bc4 exf3 19. Bxf7+ Rxf7 20. fxg7 Kxg7
21. Bh6+ 1-0

[Event "II Festival Francophone des Echecs"]
[Site "Arvier ITA"]
[Date "2010.07.08"]
[Round "8"]
[White "Brun, Dario"]
[Black "Fossati, Remigio"]
[Result "1/2-1/2"]
[WhiteElo "2264"]
[BlackElo "2233"]
[PlyCount "77"]
[EventDate "2010.07.03"]

1. d4 d5 2. c4 e6 3. Nc3 c6 4. Nf3 Nf6 5. Bg5 dxc4 6. e4 b5 7. e5 h6 8. Bh4 g5
9. Nxg5 hxg5 10. Bxg5 Nbd7 11. exf6 Bb7 12. g3 c5 13. d5 Qb6 14. Bg2 O-O-O 15.
O-O Bh6 16. Bxh6 Rxh6 17. dxe6 fxe6 18. Qe2 Bxg2 19. Kxg2 Nxf6 20. Rfe1 Nd5 21.
Rad1 Rdh8 22. Rh1 Nxc3 23. bxc3 Qc6+ 24. f3 Rf6 25. Qe4 Qxe4 26. fxe4 Rhf8 27.
Rhf1 Rxf1 28. Rxf1 Rxf1 29. Kxf1 b4 30. Ke2 b3 31. axb3 cxb3 32. Kd1 Kd7 33. h4
Ke7 34. g4 Kf7 35. h5 Kg7 36. g5 a5 37. h6+ Kh7 38. Kc1 a4 39. Kb2 1/2-1/2

[Event "II Festival Francophone des Echecs"]
[Site "Arvier ITA"]
[Date "2010.07.08"]
[Round "8"]
[White "Cattaneo, Roger"]
[Black "Labarthe, Arnaud"]
[Result "0-1"]
[WhiteElo "1581"]
[BlackElo "1883"]
[PlyCount "32"]
[EventDate "2010.07.03"]

1. e4 d5 2. exd5 Nf6 3. c4 e6 4. dxe6 Bxe6 5. d4 Bb4+ 6. Nc3 Ne4 7. Bd2 Qxd4 8.
Nxe4 Qxe4+ 9. Qe2 Bxd2+ 10. Kxd2 Qd4+ 11. Kc2 O-O 12. Nf3 Bf5+ 13. Kb3 Qb6+ 14.
Kc3 Nc6 15. b3 Rfe8 16. Qb2 Qb4# 0-1

[Event "II Festival Francophone des Echecs"]
[Site "Arvier ITA"]
[Date "2010.07.08"]
[Round "8"]
[White "Chiarotto, Filippo"]
[Black "Mossong, Hubert"]
[Result "1/2-1/2"]
[WhiteElo "2097"]
[BlackElo "2170"]
[PlyCount "29"]
[EventDate "2010.07.03"]

1. Nc3 c5 2. e4 Nc6 3. Nf3 d6 4. d4 cxd4 5. Nxd4 e5 6. Nb3 Be6 7. Be2 Be7 8.
O-O Nf6 9. Be3 O-O 10. f4 exf4 11. Bxf4 d5 12. e5 Ne4 13. Nxe4 dxe4 14. Qxd8
Rfxd8 15. c3 1/2-1/2

[Event "II Festival Francophone des Echecs"]
[Site "Arvier ITA"]
[Date "2010.07.08"]
[Round "8"]
[White "Coqueraut, Lodewyk"]
[Black "Guillaumat, Jean-Pierre"]
[Result "1/2-1/2"]
[WhiteElo "1789"]
[BlackElo "1959"]
[PlyCount "74"]
[EventDate "2010.07.03"]

1. e4 c5 2. Nf3 Nc6 3. b3 e5 4. Bb2 d6 5. Bc4 Be6 6. Bxe6 fxe6 7. d3 Be7 8. Na3
Nh6 9. h3 O-O 10. Nc4 b5 11. Ne3 Nd4 12. Bxd4 cxd4 13. Nf1 Rc8 14. a4 a6 15.
Ng3 Qc7 16. Ra2 bxa4 17. bxa4 d5 18. O-O dxe4 19. Nxe4 Rf4 20. Qe2 Rcf8 21. Ng3
Rxf3 22. gxf3 Bg5 23. Kg2 Bf4 24. Rg1 Nf5 25. Nxf5 exf5 26. Qd1 Qf7 27. Rb2 Qh5
28. Rb7 Kh8 29. Qb1 h6 30. Qb3 e4 31. fxe4 fxe4 32. dxe4 Be5 33. Qd3 Qh4 34.
Qe2 Qf4 35. Kf1 Qc1+ 36. Kg2 Qf4 37. Kf1 Qc1+ 1/2-1/2

[Event "II Festival Francophone des Echecs"]
[Site "Arvier ITA"]
[Date "2010.07.08"]
[Round "8"]
[White "Manni, Stefano"]
[Black "Frank, Albert"]
[Result "1-0"]
[WhiteElo "1993"]
[BlackElo "1925"]
[PlyCount "61"]
[EventDate "2010.07.03"]

1. e4 Nf6 2. e5 Nd5 3. c4 Nb6 4. d4 d6 5. exd6 cxd6 6. Be3 e6 7. Nf3 Be7 8. Bd3
N8d7 9. Nc3 Nf6 10. a4 O-O 11. a5 Nbd7 12. O-O Re8 13. Re1 Bf8 14. Bf4 Nb8 15.
b4 Nc6 16. Qb1 Nxd4 17. Nxd4 e5 18. Bg5 exd4 19. Rxe8 Qxe8 20. Bxf6 dxc3 21.
Bxh7+ Kh8 22. Bxc3 Qe2 23. Bd3 Qh5 24. a6 b6 25. Be4 Rb8 26. Bd4 Qe2 27. Bd5
Be6 28. Ra3 Kg8 29. Re3 Qg4 30. Rh3 f6 31. Rg3 1-0